000 00473nam a2200181Ia 4500
008 240925s9999 xx 000 0 und d
020 _a81874954
082 _a320.945 KAL
100 _aKalra, Krishan,
245 0 _aManaging uncertainity
250 _aNA
260 _aNew Delhi:
_bAmexcel Publishers Private Limited
_c,1999.
300 _a260p.
_bN.A
_fOriginal
500 _aIncludes Index
600 _aSocial Sciences
650 _aSocial Sciences
942 _cBK
999 _c17720
_d17720